Представление документа в формате RUSMARC

ПолеНазваниеЗначение
  Тип записи a
  Библиографический уровень c
001 Контрольный номер RU/IS/BASE/354373111
005 Дата корректировки 20201206204549.6
010 Индекс ISBN __
a ISBN 978-5-86988-185-4
d Цена 120-00
101 Язык документа __
a Язык текста rus
c Язык оригинала rus
200 Заглавие и сведения об ответственности 1_
a Заглавие Защитим имя и наследие Рерихов
e Сведения, относящиеся к заглавию документы, публикации в прессе, очерки
f Первые сведения об ответственности [редкол.: Л. В. Шапошникова и др.]
b Общее обозначение материала Текст
h Номер части Т. 4
210 Выходные данные __
a Место издания М.
c Издательство Междунар. центр Рерихов
c Издательство Мастер-Банк
d Дата издания 2007
215 Физическое описание __
a Объем 992 с.
c Иллюстрации/тип воспроизводства ил.
330 Аннотация __
a Аннотация В книгу включены документы, письма, статьи, раскрывающие драматическую ситуацию, сложившуюся вокруг творческого наследия Рерихов и Центра-Музея имени Н. К. Рериха.
517 Другие варианты заглавия __
a Другие варианты заглавия Наследие Рерихов в опасности
517 Другие варианты заглавия __
a Другие варианты заглавия Пакт Рериха а защиту культуры
517 Другие варианты заглавия __
a Другие варианты заглавия В защиту доверенного лица С. Н. Рериха, первого вице-президента МЦР, генерального директора международного центра-музея имени Н. К. Рериха Л. В. Шапошниковой
517 Другие варианты заглавия __
a Другие варианты заглавия Лжерериховцы против Рерихов
517 Другие варианты заглавия __
a Другие варианты заглавия Церковь против Рерихов
517 Другие варианты заглавия __
a Другие варианты заглавия В защиту Е. П. Блаватской
517 Другие варианты заглавия __
a Другие варианты заглавия Лжеученые против Рерихов
517 Другие варианты заглавия __
a Другие варианты заглавия Рецензии на книги о Рерихах
517 Другие варианты заглавия __
a Другие варианты заглавия Правда и ложь Интернета
600 Персоналии __
a Персоналии (Фамилия) Рерих, Ю. Н.
c Дополнение к имени востоковед
f Даты 1902-1960
g Полное имя Юрий Николаевич
600 Персоналии __
a Персоналии (Фамилия) Рерих, Е. И.
c Дополнение к имени религиозный философ
f Даты 1879-1955
g Полное имя Елена Ивановна
600 Персоналии __
a Персоналии (Фамилия) Рерих, С. Н.
c Дополнение к имени живописец ; почётный член АХ СССР
f Даты 1904-1993
g Полное имя Святослав Николаевич
600 Персоналии __
a Персоналии (Фамилия) Рерих, Н. К.
c Дополнение к имени живописец ; театральный художник ; археолог ; путешественник ; писатель
f Даты 1874-1947
g Полное имя Николай Константинович
600 Персоналии __
a Персоналии (Фамилия) Шапошникова Л. В.
600 Персоналии __
a Персоналии (Фамилия) Блаватская, Е. П.
601 Наименование организации как предмет __
a Наименование организации как предмет Центр-Музей имени Н. К. Рериха
606 Тематические рубрики __
a Основная рубрика Культурология
606 Тематические рубрики __
a Основная рубрика Прикладная культурология
z Хронологическая подрубрика 20 в.; 21 в.
y Географическая подрубрика Россия
606 Тематические рубрики __
a Основная рубрика Теоретическая культурология
606 Тематические рубрики __
a Основная рубрика Религия. Мистика. Свободомыслие
606 Тематические рубрики __
a Основная рубрика Оккультизм
610 Ключевые слова __
a Ключевые слова духовное наследие; рериховедение; рериховцы; космическое мышление; оккультные науки; культурное наследие
686 Индексы других классификаций __
a Классификационный индекс 71
686 Индексы других классификаций __
a Классификационный индекс 86.42; ст70 + ст86.42
702 Вторичная интеллектуальная ответственность _1
a Фамилия Шапошникова
b Имя Л. В.
4 Код отношения Автор
4 Код отношения 651
4 Код отношения 070
702 Вторичная интеллектуальная ответственность _1
a Фамилия Амонашвили
b Имя Ш. А.
4 Код отношения Редактор
4 Код отношения 340
702 Вторичная интеллектуальная ответственность _1
a Фамилия Иванов
b Имя А. В.
4 Код отношения Редактор
4 Код отношения 340
702 Вторичная интеллектуальная ответственность _1
a Фамилия Фролов
b Имя В. В.
4 Код отношения Редактор
4 Код отношения 340
702 Вторичная интеллектуальная ответственность _1
a Фамилия Черноземова
b Имя Е. Н.
4 Код отношения Редактор
4 Код отношения 340
801 Источник записи _0
a Страна RU
b Организация Муниципальное бюджетное учреждение культуры "Централизованная библиотечная система" г. Сургут (Центральная городская библиотека им. А. С. Пушкина)
g Правила каталогизации КиК/Елгина
801 Источник записи _1
a Страна RU
b Организация Муниципальное бюджетное учреждение культуры "Централизованная библиотечная система" г. Сургут (Центральная городская библиотека им. А. С. Пушкина)
g Правила каталогизации КиК/Елгина
852 Данные о местонахождении __
j Шифр хранения 71
c Каталожный индекс 70; 86.42
i Авторский знак З-40
901 Тип документа 1_
t Тип документа x
903 Характеристики (МАРС) __
a Дата передачи 20080403
969 Тип издания __
a Тип издания сборник
990 Данные о заказе (DOS) __
j Количество экземпляров (DOS) 4
t N записи в КСУ для И/У (DOS) 200804